Richest Fast Food places in USA - Statistics

General Stats
  • This quiz has been taken 92 times
  • The average score is 8 of 15
Answer Stats
System-wide sales Answer % Correct
35.4 billion Mcdonald's
99%
8.6 billion Burger King
83%
8.5 billion Wendy's
76%
8.2 billion Taco Bell
73%
11.9 billion Subway
72%
4.2 billion Kentucky Fried Chicken
71%
12.7 billion Starbucks
62%
5.5 billion Pizza Hut
58%
4.1 billion Dominos
47%
5.8 billion Chick-fil-A
41%
4 billion Chipotle
32%
4.1 billion Sonic
29%
4.5 billion Panera Bread
14%
3.6 billion Carls Jr
8%
7.2 billion Dunkin Dounts
1%
No matching quizzes found
Score Distribution
Percent of People with Each Score
Percentile by Number Answered
Your Score History
You have not taken this quiz